[Event "37th Reykjavik op"]
[Site "Reykjavik ISL"]
[Date "2024.03.19"]
[Round "7.38"]
[White "Botez, Alexandra"]
[Black "Jelsma, Remco"]
[WhiteElo "1986"]
[BlackElo "1802"]
[Result "1-0"]
[EventDate "2024.03.15"]
[PlyCount "67"]

1. d4 {[%eval 15,0]} Nf6 {[%eval 16,0]} 2. c4 {[%eval 16,0]} e6 {[%eval 21,0]}
3. g3 {[%eval 14,0]} d5 {[%eval 16,0]} 4. Nf3 {[%eval 7,0]} Bb4+ {[%eval 17,0]}
5. Bd2 {[%eval 9,0]} Be7 {[%eval 18,0]} 6. Bg2 {[%eval 7,0]} O-O {[%eval 15,0]}
7. O-O {[%eval 12,0]} c5 {[%eval 62,0]} 8. dxc5 {[%eval 45,0]} Bxc5 {[%eval 53,
0]} 9. Qc2 {[%eval 53,0]} b6 {[%eval 76,0]} 10. Bc3 $6 {[%eval 14,0]
Inaccuracy. cxd5 was best.} (10. cxd5 exd5 11. b4 Bd6 12. Rd1 Bb7 13. a3 h6 14.
Nc3 Nc6 15. Nb5 Be7 16. Rac1 a5) 10... Bb7 {[%eval 36,0]} 11. b4 {[%eval 15,0]}
Be7 {[%eval 15,0]} 12. Ng5 {[%eval 21,0]} Nbd7 {[%eval 23,0]} 13. cxd5 {
[%eval 21,0]} exd5 {[%eval 19,0]} 14. Nd2 {[%eval 25,0]} Rc8 {[%eval 26,0]} 15.
Qb2 {[%eval 25,0]} h6 {[%eval 4,0]} 16. Ngf3 {[%eval 43,0]} Re8 {[%eval 39,0]}
17. Rfd1 {[%eval 27,0]} Bf8 {[%eval 28,0]} 18. Rac1 $6 {[%eval 46,0]
Inaccuracy. e3 was best.} (18. e3 Qe7) 18... Rxe2 {[%eval 41,0]} 19. Bf1 {
[%eval 54,0]} Re8 {[%eval 61,0]} 20. Bh3 {[%eval 61,0]} Rc7 {[%eval 51,0]} 21.
Bf5 $6 {[%eval -74,0] Inaccuracy. Bd4 was best.} (21. Bd4 Rxc1) 21... g6 {
[%eval 93,0]} 22. Bxf6 {[%eval -73,0]} Qxf6 $4 {[%eval 274,0] Blunder. Nxf6
was best.} (22... Nxf6) 23. Qxf6 {[%eval 266,0]} Rxc1 {[%eval 269,0]} 24. Bxd7
{[%eval 264,0]} Rxd1+ {[%eval 261,0]} 25. Kg2 {[%eval 261,0]} Bg7 $6 {[%eval
401,0] Inaccuracy. Re2 was best.} (25... Re2 26. Qd4 Re7 27. Ba4 Rc1 28. h4 Bg7
29. Qf4 d4 30. Qd6 Rcc7 31. Kh2 a6 32. Bb3) 26. Qd6 {[%eval 399,0]} Re2 $6 {
[%eval 529,0] Inaccuracy. Rf8 was best.} (26... Rf8 27. Qc7 Ba8 28. Qc2 Rd8 29.
Qxd1 Rxd7 30. Qe1 Kf8 31. Qc1 Bb7 32. b5 d4 33. Kf1) 27. Qb8+ {[%eval 514,0]}
Kh7 {[%eval 562,0]} 28. Qxb7 {[%eval 505,0]} Rdxd2 {[%eval 588,0]} 29. Nxd2 {
[%eval 565,0]} Rxd2 {[%eval 603,0]} 30. Be8 {[%eval 566,0]} d4 $4 {[%eval
32742,0] Checkmate is now unavoidable. Bd4 was best.} (30... Bd4 31. Qxf7+ Kh8
32. Qf8+ Kh7 33. Qe7+ Kh8 34. Bxg6 Rxf2+ 35. Kh3 Kg8 36. Qd7 Bc3 37. Qh7+) 31.
Qxf7 {[%eval 32744,0]} d3 $4 {[%eval 32754,0] Checkmate is now unavoidable.
Re2 was best.} (31... Re2 32. Qxg6+ Kh8 33. Bb5 Re7 34. Qf5 Rc7 35. Bd3 Bf6 36.
Qxf6+ Kg8 37. Qd8+ Kg7 38. Qxc7+) 32. Qxg6+ {[%eval 32752,0]} Kh8 {[%eval
32746,0]} 33. Bd7 {[%eval 32714,0]} Kg8 34. Be6+ 1-0

[Event "37th Reykjavik op"]
[Site "Reykjavik ISL"]
[Date "2024.03.19"]
[Round "7.39"]
[White "Paasikangas, Johanna"]
[Black "Botez, Andrea"]
[WhiteElo "2046"]
[BlackElo "1825"]
[Result "1-0"]
[EventDate "2024.03.15"]
[PlyCount "75"]

1. d4 {[%eval 15,0]} Nf6 {[%eval 16,0]} 2. c4 {[%eval 16,0]} g6 {[%eval 37,0]}
3. Nc3 {[%eval 31,0]} Bg7 {[%eval 7,0]} 4. e4 {[%eval 67,0]} d6 {[%eval 58,0]}
5. Nf3 {[%eval 57,0]} O-O {[%eval 48,0]} 6. Be2 {[%eval 5,0]} Qe8 {[%eval 71,0]
} 7. O-O {[%eval 71,0]} e5 {[%eval 82,0]} 8. dxe5 {[%eval 85,0]} dxe5 {[%eval
67,0]} 9. Be3 {[%eval 78,0]} Na6 {[%eval 68,0]} 10. Nd2 {[%eval 52,0]} Be6 {
[%eval 85,0]} 11. a3 {[%eval 77,0]} Nd7 {[%eval 77,0]} 12. b4 {[%eval 8,0]} f5
{[%eval 74,0]} 13. f3 {[%eval 72,0]} f4 {[%eval 96,0]} 14. Bf2 {[%eval 91,0]}
g5 $6 {[%eval 106,0] Inaccuracy. Qf7 was best.} (14... Qf7 15. Qc2 c6 16. Rab1
Nc7 17. Rfd1 g5 18. a4 Nf6 19. b5 g4 20. bxc6 bxc6) 15. c5 {[%eval 106,0]} c6 {
[%eval 178,0]} 16. Bc4 $6 {[%eval 77,0] Inaccuracy. Nc4 was best.} (16. Nc4 Nc7
17. Nd6 Qh5 18. Nxb7 Rf6 19. Kh1 Rh6 20. Bg1 Nf6 21. Nd6 Kh8 22. a4 Qg6) 16...
Rf6 {[%eval 123,0]} 17. Qe2 {[%eval 107,0]} Nc7 {[%eval 114,0]} 18. Rfd1 {
[%eval 99,0]} h5 {[%eval 114,0]} 19. a4 {[%eval 75,0]} g4 {[%eval 9,0]} 20.
fxg4 {[%eval 97,0]} hxg4 {[%eval 99,0]} 21. Qxg4 {[%eval 95,0]} Nd5 {[%eval
146,0]} 22. Bxd5 {[%eval 106,0]} cxd5 {[%eval 158,0]} 23. Qe2 {[%eval 118,0]}
Rg6 {[%eval 102,0]} 24. Nxd5 {[%eval 134,0]} Bxd5 $6 {[%eval 194,0] Inaccuracy.
Bh3 was best.} (24... Bh3 25. g3) 25. exd5 {[%eval 193,0]} e4 {[%eval 224,0]}
26. Qxe4 {[%eval 209,0]} Bxa1 {[%eval 226,0]} 27. Rxa1 {[%eval 198,0]} Qxe4 {
[%eval 194,0]} 28. Nxe4 {[%eval 189,0]} Ne5 $6 {[%eval 286,0] Inaccuracy. Re8
was best.} (28... Re8 29. Nd2 Ne5 30. Re1 Kf8 31. b5 Ng4 32. Rxe8+ Kxe8 33. Ne4
Ne3 34. Bxe3 fxe3 35. Kf1) 29. Rd1 {[%eval 300,0]} Kg7 $2 {[%eval 531,0]
Mistake. a6 was best.} (29... a6 30. h3 Re8 31. b5 Kf8 32. d6 axb5 33. axb5 Kf7
34. h4 Ke6 35. c6 bxc6 36. Nc5+) 30. Bd4 {[%eval 513,0]} Re8 {[%eval 512,0]}
31. Nd6 {[%eval 502,0]} Rxd6 {[%eval 521,0]} 32. cxd6 {[%eval 521,0]} Kf7 {
[%eval 502,0]} 33. Bxa7 {[%eval 502,0]} Ra8 {[%eval 543,0]} 34. Bd4 {[%eval
546,0]} Nc4 {[%eval 556,0]} 35. a5 {[%eval 555,0]} Nxd6 {[%eval 562,0]} 36. Be5
{[%eval 562,0]} Ne4 {[%eval 602,0]} 37. Bxf4 {[%eval 539,0]} Rc8 {[%eval 574,0]
} 38. d6 {[%eval 591,0]} 1-0

[Event "37th Reykjavik op"]
[Site "Reykjavik ISL"]
[Date "2024.03.19"]
[Round "7.40"]
[White "Saine, Zachary"]
[Black "Lohia, Sohum"]
[WhiteElo "2010"]
[BlackElo "2354"]
[Result "0-1"]
[EventDate "2024.03.15"]
[PlyCount "74"]

1. e4 {[%eval 13,0]} e5 {[%eval 17,0]} 2. Nf3 {[%eval 21,0]} Nc6 {[%eval 13,0]}
3. Bc4 {[%eval 14,0]} Nf6 {[%eval 21,0]} 4. d3 {[%eval 21,0]} h6 {[%eval 44,0]}
5. h3 {[%eval 11,0]} d6 {[%eval 47,0]} 6. c3 {[%eval 14,0]} g5 {[%eval 66,0]}
7. a4 {[%eval 13,0]} Bg7 {[%eval 74,0]} 8. a5 {[%eval 56,0]} a6 {[%eval 66,0]}
9. Qb3 {[%eval 22,0]} Qe7 {[%eval 61,0]} 10. Nbd2 {[%eval 86,0]} Rb8 {[%eval
103,0]} 11. Nf1 {[%eval 105,0]} Be6 {[%eval 108,0]} 12. Ne3 {[%eval 83,0]} Qd7
{[%eval 76,0]} 13. g4 {[%eval 64,0]} Ne7 {[%eval 62,0]} 14. Ra4 $6 {[%eval 31,
0] Inaccuracy. h4 was best.} (14. h4) 14... d5 {[%eval 19,0]} 15. Nxe5 {
[%eval 16,0]} Qd6 {[%eval 22,0]} 16. exd5 {[%eval 36,0]} Nfxd5 {[%eval 22,0]}
17. Nf3 {[%eval 49,0]} Nf4 {[%eval 18,0]} 18. Qd1 {[%eval 54,0]} Bd7 {[%eval 0,
0]} 19. Ra3 $6 {[%eval 58,0] Inaccuracy. h4 was best.} (19. h4 Qg6 20. Rb4 Nc6
21. Ra4) 19... Bc6 {[%eval 62,0]} 20. d4 {[%eval 96,0]} Qf6 $6 {[%eval 21,0]
Inaccuracy. Rd8 was best.} (20... Rd8) 21. d5 {[%eval 21,0]} Rd8 {[%eval 29,0]}
22. Nd4 {[%eval 34,0]} Nfxd5 {[%eval 32,0]} 23. Nxc6 {[%eval 31,0]} Qxc6 {
[%eval 5,0]} 24. Qf3 {[%eval 0,0]} O-O {[%eval 8,0]} 25. O-O {[%eval 16,0]}
Nxe3 {[%eval 19,0]} 26. Qxc6 {[%eval 16,0]} Nxc6 {[%eval 14,0]} 27. Bxe3 {
[%eval 22,0]} Rfe8 {[%eval 2,0]} 28. b4 {[%eval 0,0]} Ne7 {[%eval 5,0]} 29. h4
$6 {[%eval 64,0] Inaccuracy. Rb3 was best.} (29. Rb3) 29... Bf6 $6 {[%eval 2,0]
Inaccuracy. Nd5 was best.} (29... Nd5 30. Bxd5 Rxd5 31. c4 Rde5 32. hxg5 hxg5
33. b5 Re4 34. Bxg5 Rxg4+ 35. Rg3 Ree4 36. bxa6) 30. f4 $6 {[%eval -92,0]
Inaccuracy. hxg5 was best.} (30. hxg5 Bxg5 31. b5 axb5 32. Bxb5 c6 33. Bc4 Bxe3
34. fxe3 Nd5 35. a6 bxa6 36. Rxa6 Re4) 30... Nd5 $6 {[%eval 33,0] Inaccuracy.
gxh4 was best.} (30... gxh4 31. Kf2) 31. Bxd5 {[%eval 28,0]} Rxd5 {[%eval 0,0]}
32. fxg5 $6 {[%eval 91,0] Inaccuracy. c4 was best.} (32. c4 Rd7 33. fxg5 Bb2
34. Rb3 hxg5 35. hxg5 Re4 36. Kg2 Bg7 37. Rc1 Rxg4+ 38. Kf3 Rh4) 32... Rxe3 {
[%eval 78,0]} 33. Rxf6 {[%eval 86,0]} hxg5 {[%eval 76,0]} 34. Kg2 $4 {[%eval
-115,0] Blunder. hxg5 was best.} (34. hxg5) 34... gxh4 {[%eval -112,0]} 35. Rf3
$4 {[%eval -32743,0] Checkmate is now unavoidable. Ra2 was best.} (35. Ra2 Rxc3
36. Raf2 Rd4 37. Rxf7 Rxb4 38. Rf8+ Kg7 39. Kh2 Rxg4 40. R2f7+ Kg6 41. Rf6+ Kh7
) 35... Rd2+ {[%eval -32745,0]} 36. Rf2 {[%eval -32745,0]} h3+ {[%eval -32747,
0]} 37. Kg1 Re1+ 0-1

[Event "37th Reykjavik op"]
[Site "Reykjavik ISL"]
[Date "2024.03.19"]
[Round "7.41"]
[White "Soderstrom, Adrian"]
[Black "Sachi, Jain"]
[WhiteElo "2288"]
[BlackElo "1992"]
[Result "1-0"]
[EventDate "2024.03.15"]
[PlyCount "153"]

1. d4 {[%eval 15,0]} d5 {[%eval 25,0]} 2. Nf3 {[%eval 1,0]} e6 {[%eval 25,0]}
3. g3 {[%eval 12,0]} Nf6 {[%eval 37,0]} 4. Bg2 {[%eval 32,0]} Be7 {[%eval 21,0]
} 5. c4 {[%eval 17,0]} dxc4 {[%eval 44,0]} 6. O-O {[%eval 2,0]} O-O {[%eval 31,
0]} 7. Qc2 {[%eval 32,0]} a6 {[%eval 19,0]} 8. Qxc4 {[%eval 2,0]} b5 {[%eval
14,0]} 9. Qc2 {[%eval 15,0]} Bb7 {[%eval 12,0]} 10. Bg5 {[%eval 3,0]} Nbd7 {
[%eval 5,0]} 11. Nbd2 {[%eval 1,0]} c5 {[%eval 16,0]} 12. Bxf6 {[%eval 15,0]}
Bxf6 {[%eval 0,0]} 13. dxc5 {[%eval 0,0]} Rc8 {[%eval 3,0]} 14. Nb3 {[%eval 1,
0]} Bd5 {[%eval 1,0]} 15. Nfd2 {[%eval 3,0]} Bxg2 {[%eval 4,0]} 16. Kxg2 {
[%eval 5,0]} Be7 {[%eval 14,0]} 17. Ne4 {[%eval 37,0]} Nxc5 {[%eval 0,0]} 18.
Nexc5 {[%eval 0,0]} Bxc5 {[%eval 1,0]} 19. Qe4 {[%eval 0,0]} Qe7 {[%eval 21,0]}
20. Rac1 {[%eval 18,0]} Bb6 {[%eval 25,0]} 21. Rxc8 {[%eval 0,0]} Rxc8 {
[%eval 0,0]} 22. Rc1 {[%eval 0,0]} Qd7 {[%eval 0,0]} 23. Rxc8+ {[%eval 0,0]}
Qxc8 {[%eval 0,0]} 24. h4 {[%eval 0,0]} h6 {[%eval 0,0]} 25. e3 {[%eval 0,0]}
Bd8 {[%eval 0,0]} 26. Nd2 {[%eval 0,0]} Bf6 {[%eval 0,0]} 27. b3 {[%eval 0,0]}
Qd8 {[%eval 0,0]} 28. Nf3 {[%eval 0,0]} Qa5 {[%eval 0,0]} 29. Qc2 {[%eval 0,0]}
Qc3 {[%eval 0,0]} 30. Qxc3 {[%eval 0,0]} Bxc3 {[%eval 0,0]} 31. Kf1 {[%eval 0,
0]} Kf8 {[%eval 0,0]} 32. Ke2 {[%eval 0,0]} Ke7 {[%eval 0,0]} 33. Kd3 {[%eval
0,0]} Bf6 {[%eval 5,0]} 34. Nd2 {[%eval 5,0]} Kd7 {[%eval 1,0]} 35. h5 {
[%eval 0,0]} e5 {[%eval 0,0]} 36. Ke4 {[%eval 0,0]} Ke6 {[%eval 0,0]} 37. Nf3 {
[%eval 5,0]} Bd8 {[%eval 31,0]} 38. g4 {[%eval 16,0]} Bf6 {[%eval 1,0]} 39. Ne1
{[%eval 12,0]} a5 $4 {[%eval 193,0] Blunder. g6 was best.} (39... g6 40. hxg6
fxg6 41. Nd3 a5 42. f3 Bg7 43. a4 bxa4 44. bxa4 h5 45. Nc5+ Kf6 46. Nb7) 40.
Nd3 {[%eval 186,0]} Kd6 {[%eval 203,0]} 41. f3 $4 {[%eval 23,0] Blunder. Kf5
was best.} (41. Kf5 Kd5 42. g5 hxg5 43. h6 e4 44. h7 Bc3 45. Kxg5 g6 46. Nf4+
Kc5 47. Ne2 Bg7) 41... g6 {[%eval 19,0]} 42. hxg6 {[%eval 23,0]} fxg6 {[%eval
17,0]} 43. f4 {[%eval 18,0]} exf4 {[%eval 22,0]} 44. Nxf4 {[%eval 21,0]} Kc5 {
[%eval 15,0]} 45. Kd3 {[%eval 18,0]} g5 {[%eval 64,0]} 46. Ne2 {[%eval 65,0]}
Kb4 {[%eval 65,0]} 47. Nd4 {[%eval 57,0]} Ka3 {[%eval 61,0]} 48. Nxb5+ {
[%eval 64,0]} Kxa2 {[%eval 61,0]} 49. Nd4 {[%eval 65,0]} Ka3 {[%eval 63,0]} 50.
Kc4 {[%eval 49,0]} h5 $2 {[%eval 172,0] Mistake. Kb2 was best.} (50... Kb2 51.
Kd3 Ka2 52. Nc6 Kxb3 53. Nxa5+ Kb4 54. Nb7 Kb5 55. Ke4 Be7 56. Kf5 Kb6 57. Ke6)
51. gxh5 {[%eval 129,0]} g4 {[%eval 124,0]} 52. Nf5 {[%eval 85,0]} Be5 $4 {
[%eval 483,0] Blunder. Bg7 was best.} (52... Bg7) 53. h6 {[%eval 483,0]} Bh8 {
[%eval 482,0]} 54. h7 {[%eval 406,0]} Kb2 {[%eval 448,0]} 55. e4 {[%eval 515,0]
} Ka3 {[%eval 515,0]} 56. Kd5 {[%eval 514,0]} Kxb3 {[%eval 488,0]} 57. e5 {
[%eval 408,0]} g3 {[%eval 528,0]} 58. Nd4+ {[%eval 528,0]} Kb4 {[%eval 529,0]}
59. Ne2 {[%eval 519,0]} a4 {[%eval 507,0]} 60. e6 {[%eval 517,0]} a3 {[%eval
517,0]} 61. e7 {[%eval 517,0]} a2 {[%eval 497,0]} 62. e8=Q {[%eval 482,0]} a1=Q
{[%eval 532,0]} 63. Qb8+ {[%eval 519,0]} Ka5 {[%eval 516,0]} 64. Qa8+ {[%eval
516,0]} Kb6 {[%eval 515,0]} 65. Qxa1 {[%eval 543,0]} Bxa1 {[%eval 543,0]} 66.
Nxg3 {[%eval 521,0]} Kc7 {[%eval 543,0]} 67. Nf5 {[%eval 505,0]} Bh8 {[%eval
505,0]} 68. Ke6 {[%eval 505,0]} Kd8 {[%eval 532,0]} 69. Kf7 {[%eval 532,0]} Kd7
{[%eval 513,0]} 70. Nh4 {[%eval 535,0]} Kd8 {[%eval 533,0]} 71. Ng6 {[%eval
535,0]} Bc3 {[%eval 503,0]} 72. Nf4 {[%eval 509,0]} Bh8 {[%eval 557,0]} 73.
Ne6+ {[%eval 549,0]} Kd7 {[%eval 549,0]} 74. Nc5+ {[%eval 516,0]} Kd8 {[%eval
548,0]} 75. Kf8 {[%eval 541,0]} Kc8 {[%eval 699,0]} 76. Kg8 {[%eval 634,0]} Bf6
{[%eval 561,0]} 77. Ne6 {[%eval 542,0]} 1-0

[Event "37th Reykjavik op"]
[Site "Reykjavik ISL"]
[Date "2024.03.19"]
[Round "7.42"]
[White "Gikas, Andreas Basilius"]
[Black "Prado Serrano, Alexandra"]
[WhiteElo "2104"]
[BlackElo "1877"]
[Result "1-0"]
[EventDate "2024.03.15"]
[PlyCount "74"]

1. e4 {[%eval 13,0]} c5 {[%eval 33,0]} 2. Nf3 {[%eval 22,0]} g6 {[%eval 64,0]}
3. d4 {[%eval 58,0]} cxd4 {[%eval 54,0]} 4. Nxd4 {[%eval 42,0]} Bg7 {[%eval 59,
0]} 5. Nc3 {[%eval 29,0]} Nc6 {[%eval 32,0]} 6. Be3 {[%eval 0,0]} Nf6 {[%eval
22,0]} 7. Bc4 {[%eval 42,0]} O-O {[%eval 22,0]} 8. Bb3 {[%eval 45,0]} e6 {
[%eval 56,0]} 9. f4 {[%eval 35,0]} Qa5 {[%eval 68,0]} 10. O-O {[%eval 75,0]} d6
{[%eval 85,0]} 11. h3 {[%eval 61,0]} Rd8 $6 {[%eval 122,0] Inaccuracy. Nxd4
was best.} (11... Nxd4 12. Bxd4 b5 13. a3 Bb7 14. Qd3 a6 15. Rad1 Rae8 16. f5
Qc7 17. fxg6 fxg6 18. Bf2) 12. Qf3 {[%eval 71,0]} d5 {[%eval 121,0]} 13. e5 {
[%eval 103,0]} Nxd4 {[%eval 125,0]} 14. Bxd4 {[%eval 126,0]} Nd7 {[%eval 121,0]
} 15. Ne2 {[%eval 101,0]} Nc5 {[%eval 114,0]} 16. c3 {[%eval 97,0]} Ne4 {
[%eval 102,0]} 17. Rad1 {[%eval 81,0]} b5 {[%eval 113,0]} 18. a3 {[%eval 111,0]
} Qc7 {[%eval 111,0]} 19. Qe3 {[%eval 119,0]} Bf8 {[%eval 135,0]} 20. Bc2 {
[%eval 125,0]} Nc5 $6 {[%eval 207,0] Inaccuracy. Qc6 was best.} (20... Qc6 21.
h4 a5 22. Rc1 Qe8 23. h5 b4 24. hxg6 fxg6 25. axb4 axb4 26. c4 Ba6 27. Bxe4)
21. Rd2 $6 {[%eval 139,0] Inaccuracy. h4 was best.} (21. h4 Ne4 22. h5 Bb7 23.
Qh3 a5 24. hxg6 hxg6 25. g4 Bg7 26. Kg2 b4 27. Rde1 bxc3) 21... a5 $6 {[%eval
221,0] Inaccuracy. Ne4 was best.} (21... Ne4 22. Rdd1 Be7 23. Kh2 Re8 24. Bd3
a6 25. g4 Kh8 26. Bxe4 dxe4) 22. b4 {[%eval 202,0]} Nd7 $6 {[%eval 297,0]
Inaccuracy. Na4 was best.} (22... Na4 23. Bd3 Rb8 24. Ng3 axb4 25. axb4 Nxc3
26. Rc2 Bxb4 27. f5 exf5 28. Bxf5 Bxf5 29. Nxf5) 23. Bd3 $6 {[%eval 193,0]
Inaccuracy. f5 was best.} (23. f5) 23... axb4 {[%eval 176,0]} 24. axb4 {
[%eval 179,0]} Qc6 $6 {[%eval 283,0] Inaccuracy. Re8 was best.} (24... Re8) 25.
g4 {[%eval 274,0]} Bh6 {[%eval 208,0]} 26. h4 {[%eval 295,0]} Ra3 {[%eval 278,
0]} 27. h5 {[%eval 279,0]} Bb7 {[%eval 275,0]} 28. Qh3 {[%eval 303,0]} Bg7 {
[%eval 293,0]} 29. Qh4 {[%eval 292,0]} Rda8 {[%eval 345,0]} 30. hxg6 {[%eval
276,0]} hxg6 {[%eval 333,0]} 31. Qg5 $6 {[%eval 227,0] Inaccuracy. f5 was best.
} (31. f5 exf5 32. gxf5 Ra1 33. f6 Rxf1+ 34. Kxf1 Ra1+ 35. Kg2 Bf8 36. Qg5 Nxe5
37. Qxe5 Bh6) 31... Ra1 {[%eval 218,0]} 32. Rdd1 {[%eval 187,0]} Rxd1 {[%eval
173,0]} 33. Rxd1 {[%eval 195,0]} Nb6 $4 {[%eval 500,0] Blunder. Nf8 was best.}
(33... Nf8 34. Kf2 Bc8 35. Ng1 Bd7 36. Nf3 Ra2+ 37. Kg3 Qa6 38. Rf1 Ra1 39. Bb1
Qa3 40. Qh4) 34. f5 {[%eval 509,0]} exf5 {[%eval 507,0]} 35. gxf5 {[%eval 512,
0]} Nc4 {[%eval 587,0]} 36. f6 {[%eval 577,0]} Bf8 $4 {[%eval 32754,0]
Checkmate is now unavoidable. Bc8 was best.} (36... Bc8 37. fxg7 Qe6 38. Qh6
Qh3 39. Qh8+ Qxh8 40. gxh8=Q+ Kxh8 41. e6+ Kg8 42. Bxc4 bxc4 43. e7) 37. Bxg6 {
[%eval 32756,0]} fxg6 {[%eval 32758,0]} 1-0

[Event "37th Reykjavik op"]
[Site "Reykjavik ISL"]
[Date "2024.03.19"]
[Round "7.43"]
[White "Erskine-Pereira, Jack"]
[Black "Manish, Anto Cristiano F"]
[WhiteElo "1903"]
[BlackElo "2286"]
[Result "0-1"]
[EventDate "2024.03.15"]
[PlyCount "56"]

1. d4 {[%eval 15,0]} Nf6 {[%eval 16,0]} 2. Bf4 {[%eval 11,0]} g6 {[%eval 13,0]}
3. e3 {[%eval 0,0]} Bg7 {[%eval 0,0]} 4. Nf3 {[%eval 13,0]} O-O {[%eval 12,0]}
5. Be2 {[%eval 3,0]} d6 {[%eval 0,0]} 6. h3 {[%eval 3,0]} Nbd7 {[%eval 26,0]}
7. O-O {[%eval 16,0]} b6 {[%eval 31,0]} 8. c4 {[%eval 3,0]} c5 {[%eval 56,0]}
9. Nc3 {[%eval 56,0]} cxd4 {[%eval 59,0]} 10. exd4 {[%eval 55,0]} Bb7 {[%eval
61,0]} 11. Rc1 {[%eval 55,0]} Rc8 {[%eval 9,0]} 12. b3 {[%eval 58,0]} a6 {
[%eval 92,0]} 13. Qd2 {[%eval 89,0]} Re8 {[%eval 91,0]} 14. Rfd1 {[%eval 85,0]}
d5 {[%eval 106,0]} 15. cxd5 $6 {[%eval 19,0] Inaccuracy. a4 was best.} (15. a4)
15... b5 {[%eval 1,0]} 16. d6 $6 {[%eval 57,0] Inaccuracy. Ne5 was best.} (16.
Ne5 Nxd5) 16... exd6 {[%eval 53,0]} 17. Be3 {[%eval -97,0]} Nb6 {[%eval -100,0]
} 18. Bg5 $6 {[%eval -29,0] Inaccuracy. Bd3 was best.} (18. Bd3 Rxc3 19. Rxc3
Nbd5 20. Re1 Nxc3 21. Qxc3 Bxf3 22. gxf3 Nd5 23. Qc1 Nxe3 24. Rxe3 Qg5+) 18...
Qd7 $6 {[%eval 83,0] Inaccuracy. h6 was best.} (18... h6 19. Bxf6 Qxf6 20. Bf1
h5 21. Ne2 Bxf3 22. Rxc8 Nxc8 23. gxf3 Qxf3 24. Qc3 Qxc3 25. Nxc3) 19. Re1 $6 {
[%eval -1,0] Inaccuracy. Bf1 was best.} (19. Bf1 b4) 19... b4 {[%eval -178,0]}
20. Na4 {[%eval -186,0]} Rxc1 {[%eval -197,0]} 21. Rxc1 $6 {[%eval -131,0]
Inaccuracy. Qxc1 was best.} (21. Qxc1 Nxa4 22. bxa4 Qxa4 23. Bf1 Rxe1 24. Qxe1
Ne4 25. Bf4 a5 26. Bd3 Qc6 27. a3 Nc3) 21... Nxa4 {[%eval -106,0]} 22. bxa4 {
[%eval -106,0]} Ne4 {[%eval -105,0]} 23. Qd3 $6 {[%eval -397,0] Inaccuracy.
Qc2 was best.} (23. Qc2 Nxg5 24. Nxg5 Qe7 25. Bf3 d5 26. h4 h6 27. Nh3 Qxh4 28.
Rd1 Rc8 29. Qd2 Rc4) 23... Nxg5 {[%eval -378,0]} 24. Nxg5 {[%eval -363,0]} Qe7
{[%eval -375,0]} 25. Qe3 {[%eval -379,0]} Qd8 {[%eval -223,0]} 26. Qf4 {
[%eval -349,0]} Qf6 {[%eval -343,0]} 27. Qd2 {[%eval -485,0]} Rxe2 {[%eval
-498,0]} 28. Qxe2 {[%eval -301,0]} Qxg5 {[%eval -497,0]} 0-1

[Event "37th Reykjavik op"]
[Site "Reykjavik ISL"]
[Date "2024.03.19"]
[Round "7.44"]
[White "Owen, Garth I"]
[Black "Roberts, Tallulah"]
[WhiteElo "1834"]
[BlackElo "1671"]
[Result "1/2-1/2"]
[EventDate "2024.03.15"]
[PlyCount "87"]

1. c4 {[%eval 16,0]} e5 {[%eval 25,0]} 2. g3 {[%eval 13,0]} h5 {[%eval 65,0]}
3. h4 {[%eval 32,0]} Nf6 {[%eval 48,0]} 4. Nc3 {[%eval 6,0]} Bb4 {[%eval 54,0]}
5. Bg2 {[%eval 44,0]} Bxc3 {[%eval 63,0]} 6. bxc3 {[%eval 69,0]} d6 {[%eval 56,
0]} 7. d3 {[%eval 44,0]} c6 {[%eval 63,0]} 8. Bg5 {[%eval 53,0]} Qa5 {[%eval
58,0]} 9. Qb3 {[%eval 58,0]} Nbd7 {[%eval 54,0]} 10. Qb4 {[%eval 4,0]} Qc7 {
[%eval 39,0]} 11. e4 $6 {[%eval 46,0] Inaccuracy. a4 was best.} (11. a4 a5 12.
Qa3 Ng4 13. Nh3 f6 14. Bc1 b6 15. O-O Ba6 16. Rb1 O-O-O 17. f3 Nh6) 11... O-O {
[%eval 47,0]} 12. Ne2 {[%eval 41,0]} Nc5 {[%eval 35,0]} 13. Rd1 {[%eval 28,0]}
a5 {[%eval 21,0]} 14. Qb1 {[%eval 3,0]} Nfd7 {[%eval 0,0]} 15. O-O {[%eval 0,0]
} Ne6 {[%eval 0,0]} 16. Be3 {[%eval 0,0]} b6 $6 {[%eval 85,0] Inaccuracy. Rb8
was best.} (16... Rb8 17. Ba7 Ra8 18. Be3) 17. Rd2 $6 {[%eval 16,0] Inaccuracy.
f4 was best.} (17. f4 Ba6 18. Bf3 Rab8 19. Qc1 b5 20. Rf2 Nf6 21. f5 Nc5 22.
Bh6 Kh7 23. Bxg7 Kxg7) 17... Rb8 {[%eval 24,0]} 18. Qd1 {[%eval 42,0]} Nf6 {
[%eval 44,0]} 19. Rb2 {[%eval 48,0]} Ng4 {[%eval 44,0]} 20. Bd2 {[%eval 62,0]}
Nf6 {[%eval 19,0]} 21. Qb1 {[%eval 53,0]} Nc5 {[%eval 38,0]} 22. Bg5 {[%eval
36,0]} Ng4 $6 {[%eval 62,0] Inaccuracy. Nh7 was best.} (22... Nh7) 23. f3 {
[%eval 62,0]} Nf6 $6 {[%eval 118,0] Inaccuracy. f6 was best.} (23... f6 24. Bd2
) 24. Bxf6 {[%eval 116,0]} gxf6 {[%eval 101,0]} 25. Qd1 $6 {[%eval 48,0]
Inaccuracy. d4 was best.} (25. d4) 25... Kg7 {[%eval 9,0]} 26. f4 $6 {[%eval 0,
0] Inaccuracy. g4 was best.} (26. g4 Ne6 27. f4 hxg4 28. f5 Nc5 29. d4 Nd7 30.
Nf4 Rg8 31. Qxg4+ Kf8 32. Ng6+ Ke8) 26... Bg4 {[%eval 52,0]} 27. f5 $4 {
[%eval -96,0] Blunder. d4 was best.} (27. d4 Ne6 28. f5 Nd8 29. Bf3 Bxf3 30.
Rxf3 b5 31. g4 hxg4 32. Rg3 Rh8 33. Rxg4+ Kf8) 27... Rg8 {[%eval 84,0]} 28. Rd2
{[%eval -79,0]} Rbd8 {[%eval 99,0]} 29. Kh2 {[%eval 96,0]} Kf8 $6 {[%eval 36,0]
Inaccuracy. b5 was best.} (29... b5 30. cxb5 cxb5 31. Rc2 Qa7 32. Qd2 Rb8 33.
Bf3 Bxf3 34. Rxf3 Qd7 35. Nc1 d5 36. Nb3) 30. Bf3 $6 {[%eval -95,0] Inaccuracy.
d4 was best.} (30. d4 Nd7 31. Bh3 Ke7 32. a4 b5 33. axb5 cxb5 34. cxb5 Bxe2 35.
Qxe2 Qxc3 36. Rf3 Qb4) 30... Ke7 $6 {[%eval 4,0] Inaccuracy. Bxf3 was best.} (
30... Bxf3) 31. Ng1 {[%eval 64,0]} Rg7 $6 {[%eval 17,0] Inaccuracy. b5 was
best.} (31... b5 32. cxb5) 32. Nh3 {[%eval 29,0]} Rdg8 {[%eval 55,0]} 33. Rg2 {
[%eval 37,0]} Qd8 $2 {[%eval 177,0] Mistake. Bxh3 was best.} (33... Bxh3) 34.
Nf2 $6 {[%eval 101,0] Inaccuracy. Bxg4 was best.} (34. Bxg4 Rxg4 35. Nf2 d5 36.
exd5 cxd5 37. Nxg4 Rxg4 38. cxd5 Qxd5 39. Qf3 e4 40. dxe4 Qe5) 34... Bxf3 {
[%eval 114,0]} 35. Qxf3 {[%eval 116,0]} Rh7 {[%eval 115,0]} 36. Qd1 {[%eval
101,0]} b5 {[%eval 145,0]} 37. cxb5 {[%eval 145,0]} cxb5 {[%eval 145,0]} 38. d4
{[%eval 98,0]} Nd7 {[%eval 92,0]} 39. Qb3 $6 {[%eval 25,0] Inaccuracy. Qd3 was
best.} (39. Qd3 b4 40. Nd1 Rhh8 41. Kh3 Kf8 42. Ne3 Kg7 43. Rc1 bxc3 44. Rxc3
exd4 45. Qxd4 Ne5) 39... Qb6 {[%eval 4,0]} 40. Rd1 {[%eval 23,0]} Rd8 $6 {
[%eval 36,0] Inaccuracy. Rb8 was best.} (40... Rb8 41. Rd2 Qc6 42. Qa3 Rhh8 43.
Nd1 Rhc8 44. Ne3 Qxe4 45. dxe5 b4 46. exd6+ Kf8 47. cxb4) 41. Rd2 {[%eval 36,0]
} Qc6 {[%eval 4,0]} 42. Rb2 {[%eval 6,0]} Rb8 {[%eval 5,0]} 43. Qc2 {[%eval 1,
0]} Nb6 {[%eval 13,0]} 44. Qd3 {[%eval 13,0]} 1/2-1/2